Hodnotenie miery kvality poskytovaných služieb vybraného podniku súkromného sektora bakalárska práca

Gespeichert in:
Bibliographische Detailangaben
1. Verfasser: Biela, Alexandra
Körperschaft: Fakulta podnikového manažmentu EU. Katedra manažmentu výroby a logistiky - zrušená
Weitere Verfasser: Gubová, Klaudia, 1986-
Format: Buch
Sprache:Slowakisch
Veröffentlicht: Bratislava 2017
Tags: Tag hinzufügen
Keine Tags, Fügen Sie das erste Tag hinzu!

MARC

LEADER 00000nbm a2200000 4500
001 0232205
005 20171108134255.2
041 0 |a slo 
044 |a SK 
245 1 0 |a Hodnotenie miery kvality poskytovaných služieb vybraného podniku súkromného sektora  |b bakalárska práca  |c Alexandra Biela ; školiteľ: Klaudia Gubová 
264 1 |a Bratislava  |c 2017 
300 |a 65 s. 
100 1 |a Biela, Alexandra 
700 1 |a Gubová, Klaudia, 1986- 
710 2 |a Fakulta podnikového manažmentu EU. Katedra manažmentu výroby a logistiky - zrušená